[Event "Titled Tuesday intern op 18th Oct Early"]
[Site "Chess.com INT"]
[Date "2022.10.18"]
[Round "10"]
[White "Mohammadian, Mohammad"]
[Black "Flis, Pawel"]
[Result "0-1"]
[WhiteElo "1398"]
[BlackElo "1936"]
[PlyCount "82"]
[EventDate "2022.10.18"]
[EventType "swiss (blitz)"]
[EventRounds "11"]
[EventCountry "USA"]
[SourceTitle "EXT 2024"]
[Source "ChessBase"]
[SourceDate "2023.10.10"]
[SourceVersion "1"]
[SourceVersionDate "2023.10.10"]
[SourceQuality "1"]

1. e4 c5 2. Nf3 d6 3. d4 Nf6 4. Bd3 cxd4 5. Nxd4 Nc6 6. c3 g6 7. Be3 Bg7 8. Qd2 Ng4 9. 0-0 Nxe3 10. fxe3 0-0 11. Qe2 Ne5 12. Bc2 Bg4 13. Qf2 Qb6 14. Bb3 a5 15. h3 Bd7 16. Bd1 Nd3 17. Qe2 Nxb2 18. Bb3 a4 19. Qxb2 axb3 20. axb3 Rxa1 21. Qxa1 Bxd4 22. exd4 Qxb3 23. Nd2 Qc2 24. Qc1 Qxc1 25. Rxc1 Ra8 26. Kf1 Ra2 27. Ke1 b5 28. g4 Kg7 29. Kd1 Bc6 30. Rb1 Kf6 31. Rc1 Kg5 32. d5 Bd7 33. c4 b4 34. Nf3+ Kf4 35. Nd4 Kxe4 36. Nb3 Ba4 37. Rb1 Rh2 38. Kc1 Rh1+ 39. Kb2 Rxb1+ 40. Kxb1 Bxb3 41. Kb2 Bxc4 0-1